| 000 | 00970nam a2200121Ia 4500 | ||
|---|---|---|---|
| 008 | 220615s9999||||xx |||||||||||||| ||und|| | ||
| 100 | _aVoight, John | ||
| 245 | 0 | _aQuaternion Algebras | |
| 546 | _aEnglish[eng] | ||
| 650 | _aAssociative Rings and Algebras||Group Theory and Generalizations||Number Theory||Open Access||Quaternions||Quaternion algebras||Quaternion orders||Quaternion ideals||Noncommutative algebra||Quaternions and quadratic forms||Ternary quadratic forms||Simple algebras and involutions||Lattices and integral quadratic forms||Hurwitz order||Quaternion algebras over local fields||Quaternion algebras over global fields||Adelic framework||Idelic zeta functions||Quaternions hyperbolic geometry||Quaternions arithmetic groups||Quaternions arithmetic geometry||Supersingular elliptic curves||Abelian surfaces with QM||Algebra||Groups & group theory | ||
| 856 | _uhttps://library.oapen.org/bitstream/20.500.12657/50018/1/978-3-030-56694-4.pdf | ||
| 942 | _cEB | ||
| 999 |
_c7778 _d7778 |
||